5HLuxD.jpg

KING HENRY VIII SENIOR AND PRIMARY SCHOOL LIBRARY OPAC

Knights & castles / (Record no. 1608)

000 -LEADER
fixed length control field 01188cam a2200385 i 4500
001 - CONTROL NUMBER
control field 020330179
003 - CONTROL NUMBER IDENTIFIER
control field UkOxU
005 - DATE AND TIME OF LATEST TRANSACTION
control field 20230116095247.0
008 - FIXED-LENGTH DATA ELEMENTS--GENERAL INFORMATION
fixed length control field 141106t20152007enka j 001 0 eng c
015 ## - NATIONAL BIBLIOGRAPHY NUMBER
National bibliography number GBB5B8652
Source bnb
020 ## - INTERNATIONAL STANDARD BOOK NUMBER
International Standard Book Number 9781783703388 (pbk.) :
035 ## - SYSTEM CONTROL NUMBER
System control number (UkCU)5950488
035 ## - SYSTEM CONTROL NUMBER
System control number (Uk)017045081
040 ## - CATALOGING SOURCE
Original cataloging agency UK-WkNB
Language of cataloging eng
Description conventions rda
Transcribing agency UK-WkNB
Modifying agency UkCU
-- KH8
042 ## - AUTHENTICATION CODE
Authentication code ukscp
082 04 - DEWEY DECIMAL CLASSIFICATION NUMBER
Classification number 940.1 DIX
Edition number 23
100 1# - MAIN ENTRY--PERSONAL NAME
Personal name Dixon, Philip
Titles and words associated with a name (Author of Knights & castles),
Relator term author.
245 10 - TITLE STATEMENT
Title Knights & castles /
Statement of responsibility, etc. Philip Dixon.
246 3# - VARYING FORM OF TITLE
Title proper/short title Knights and castles
264 #1 - PRODUCTION, PUBLICATION, DISTRIBUTION, MANUFACTURE, AND COPYRIGHT NOTICE
Place of production, publication, distribution, manufacture Dorking :
Name of producer, publisher, distributor, manufacturer Templar Publishing,
Date of production, publication, distribution, manufacture, or copyright notice 2015.
264 #4 - PRODUCTION, PUBLICATION, DISTRIBUTION, MANUFACTURE, AND COPYRIGHT NOTICE
Date of production, publication, distribution, manufacture, or copyright notice ©2007
300 ## - PHYSICAL DESCRIPTION
Extent 64 pages :
Other physical details chiefly illustrations (colour) ;
Dimensions 27 cm.
336 ## - CONTENT TYPE
Content type term text
Source rdacontent
336 ## - CONTENT TYPE
Content type term still image
Source rdacontent
337 ## - MEDIA TYPE
Media type term unmediated
Source rdamedia
338 ## - CARRIER TYPE
Carrier type term volume
Source rdacarrier
490 1# - SERIES STATEMENT
Series statement Insiders
500 ## - GENERAL NOTE
General note Originally published: 2007.
500 ## - GENERAL NOTE
General note Includes index.
650 #0 - SUBJECT ADDED ENTRY--TOPICAL TERM
Topical term or geographic name entry element Knights and knighthood
Form subdivision Juvenile literature.
650 #0 - SUBJECT ADDED ENTRY--TOPICAL TERM
Topical term or geographic name entry element Castles
Form subdivision Juvenile literature.
650 #0 - SUBJECT ADDED ENTRY--TOPICAL TERM
Topical term or geographic name entry element Middle Ages
Form subdivision Juvenile literature.
830 #0 - SERIES ADDED ENTRY--UNIFORM TITLE
Uniform title Insiders (Dorking, England)
942 ## - ADDED ENTRY ELEMENTS (KOHA)
Source of classification or shelving scheme
Koha item type Books - Non Ficton
Holdings
Withdrawn status Lost status Source of classification or shelving scheme Damaged status Not for loan Collection code Permanent Location Current Location Shelving location Date acquired Total Checkouts Full call number Barcode Date last seen Date last checked out Price effective from Koha item type
          Non-Fiction KH8 Primary School Library KH8 Primary School Library Non Fiction 2023-01-16 19 940.1 DIX KHPL000003371 2026-04-09 2026-03-12 2023-01-16 Books - Non Ficton

Powered By KH8 IT Dept